Súčasné podoby filozofie a filozofovania na Slovensku zborník príspevkov z 1. kongresu slovenskej filozofie (10.-11. novembra 1995)

Bibliographic Details
Corporate Author: Súčasné podoby filozofie a filozofovania na Slovensku Bratislava, Slovensko (Author)
Other Authors: Balážová, Jana, 1952-2004 (Compiler), Kollár, Karol, 1948- (Compiler), Pichler, Tibor, 1949- (Compiler)
Format: Conference Proceeding Book
Language:Slovak
Czech
English
Published: Bratislava Infopress 1996
Subjects:

MARC

LEADER 00000cam a2200000 a 4500
001 vtls001225415
003 SK-MaSNL
005 20260301064010.0
008 141106s1996 xo rn 10000 slo
015 |a SNBA1997/0401006 
020 |a 8085402211 
035 |a SNK000172402 
040 |a SNK  |b slo  |c SNK  |e AACR2 
041 0 |a slo  |a cze  |a eng 
044 |a xo  |c SK 
080 |a 14(437.6)(082)  |2 1981 
111 2 |a Súčasné podoby filozofie a filozofovania na Slovensku  |n (1. :  |d 1995 :  |c Bratislava, Slovensko)  |4 aut  |9 92914 
245 1 0 |a Súčasné podoby filozofie a filozofovania na Slovensku  |b zborník príspevkov z 1. kongresu slovenskej filozofie (10.-11. novembra 1995)  |c zostavovatelia: Jana Balážová, Karol Kollár, Tibor Pichler 
260 |a Bratislava  |b Infopress  |c 1996 
300 |a 229 s.  |c 21 cm 
500 |a Text čiastočne česky a anglicky 
500 |a Vydal Filozofický ústav SAV v spolupráci so Slovenským filozofickým združením pri SAV 
504 |a Bibliogr. odkazy 
650 0 7 |a filozofia  |2 SNKPH 
650 0 7 |a slovenská filozofia  |2 SNKPH  |9 20342 
650 0 7 |a filozofické myslenie  |2 SNKPH  |9 1642 
651 7 |a Slovensko  |2 SNKPH 
655 7 |a zborníky konferencií  |2 SNKPH  |9 70153 
700 1 |a Balážová, Jana,  |d 1952-2004  |4 com  |9 6131 
700 1 |a Kollár, Karol,  |d 1948-  |4 com  |9 186813 
700 1 |a Pichler, Tibor,  |d 1949-  |4 com  |9 105567 
710 2 |a Slovenská akadémia vied.  |b Filozofický ústav  |4 pbl  |9 123734 
710 2 |a Slovenské filozofické združenie  |4 pbl  |9 32520 
852 |a Slovenská národná knižnica 
919 |a 80-85402-21-1 
999 |c 625521  |d 627451 
952 |t P60, <09>, [BOOK], {629}  |a SNK  |b SNK  |y NEVYP  |7 0  |o snkC 121  |i snk253/970124  |0 0  |1 0  |4 0  |d 1997-01-24  |l 0  |r 2005-01-01 00:00:00  |w 2026-02-23 
952 |t P60, <03>, [BOOK], {603}  |a SNK  |b SNK  |y PREZ  |7 0  |p 17A0033354  |o snkSC 92094  |i snkKSP 639/97  |0 0  |1 0  |4 0  |d 1997-01-24  |f 1  |l 0  |r 2025-09-10 00:00:00  |w 2026-02-23